000 00917nam a2200241Ia 4500
003 OSt
005 20220918110908.0
006 a|||||r|||| 00| 0
007 ta
008 220915b |||||||| |||| 00| 0 hin d
024 _a233450
037 _cReference Collections
040 _aARTS
_cARTS
_bhin
041 _2hin
_ahin
082 _aO152,1N133x, P2.1-.8(RR)
100 _aमिश्र, भवानीप्रसाद
245 0 _aरचनावली
246 _aRachanāvalī
260 _aनई दिल्ली
_bअनामिका पब्लिशर्स
_c2004
700 _a विजय बहादुर सिंह, संपा.
_910105
942 _hO152,1N133x, P2.1-.8(RR)
_cREF
999 _c115591
_d115591